El proceso tributario / (Record no. 12849)
[ view plain ]
| 000 -CABECERA | |
|---|---|
| campo de control de longitud fija | 00640cam a2200181 i 4500 |
| 001 - NÚMERO DE CONTROL | |
| campo de control | 000013214 |
| 005 - FECHA Y HORA DE LA ÚLTIMA TRANSACCIÓN | |
| campo de control | 20200929163152.0 |
| 008 - DATOS DE LONGITUD FIJA--INFORMACIÓN GENERAL | |
| campo de control de longitud fija | 770606s1967 ck 000 0 eng |
| 040 ## - FUENTE DE LA CATALOGACIÓN | |
| Centro catalogador/agencia de origen | DO-SdBNP |
| Lengua de catalogación | spa |
| Centro/agencia transcriptor | BNPHU |
| 100 1# - ENTRADA PRINCIPAL--NOMBRE DE PERSONA | |
| Nombre de persona | Ramirez Cardona, Alejandro. |
| 9 (RLIN) | 30327 |
| 245 13 - MENCIÓN DE TÍTULO | |
| Título | El proceso tributario / |
| Mención de responsabilidad, etc. | Alejandro Ramirez Cardona. |
| 250 ## - MENCIÓN DE EDICIÓN | |
| Mención de edición | 2. ed. |
| 260 ## - PUBLICACIÓN, DISTRIBUCIÓN, ETC. | |
| Lugar de publicación, distribución, etc. | Bogota : |
| Nombre del editor, distribuidor, etc. | Editorial Temis, |
| Fecha de publicación, distribución, etc. | 1967. |
| 300 ## - DESCRIPCIÓN FÍSICA | |
| Extensión | xvi, 320 p. ; |
| Dimensiones | 23 cm. |
| 500 ## - NOTA GENERAL | |
| Nota general | First ed. published in 1965 under title: El proceso tributario en la legislacion colombiana. |
| 500 ## - NOTA GENERAL | |
| Nota general | Includes legislation. |
| 650 #0 - PUNTO DE ACCESO ADICIONAL DE MATERIA--TÉRMINO DE MATERIA | |
| Término de materia o nombre geográfico como elemento de entrada | Tax administration and procedure |
| Subdivisión geográfica | Colombia. |
| 9 (RLIN) | 30328 |
| Estado de retiro | Estado de pérdida | Restricciones de uso | No para préstamo | Código de colección | Localización permanente | Ubicación/localización actual | Ubicación en estantería | Fecha de adquisición | Número de inventario | Total de préstamos | Signatura topográfica completa | Código de barras | Fecha visto por última vez | Precio válido a partir de | Tipo de ítem Koha |
|---|---|---|---|---|---|---|---|---|---|---|---|---|---|---|---|
| Préstamo interno | Monografías: Libros y Folletos | General | General | En catalogación | 20.11.2009 | LF1 | 13214-10 | 25.06.2020 | 25.06.2020 | Préstamo interno |
